000 00335nam a2200133Ia 4500
008 220204s9999 xx 000 0 und d
082 _a577.115
_bWIE
245 0 _aGlycolipids
260 _aAmsterdam
_bElsevier
_c1985
490 _aNew comprehensive biochemistry; v 10
650 _aGlycolipids
700 _aWIEGANDT, H
942 _cBK
999 _c39973
_d39973